000 00550nam a2200217Ia 4500
005 20250425161212.0
008 250425s9999 xx 000 0 und d
041 _aspa
082 _a620.1122
100 _aLIPSON, CHARLES
245 0 _aIMPORTANCIA DEL DESGASTE EN EL DISEÑO
250 _a1A ED.
260 _aMEXICO
260 _aMéxico
_bCRAT
_c1970
300 _a165
500 _aTítulo Traducido: WEAR CONSIDERATIONS IN DESIGN
650 _aDESGASTE
700 _aENRIQUE DIAZ PONCE
_etraductor
942 _c01
010 _a14965
999 _c204463
_d204463